<?xml version="1.0" encoding="UTF-8"?>
<record
    xmlns:xsi="http://www.w3.org/2001/XMLSchema-instance"
    xsi:schemaLocation="http://www.loc.gov/MARC21/slim http://www.loc.gov/standards/marcxml/schema/MARC21slim.xsd"
    xmlns="http://www.loc.gov/MARC21/slim">

  <leader>01010na  a2200325   4500</leader>
  <controlfield tag="001">18156</controlfield>
  <controlfield tag="003">MIRAKIL</controlfield>
  <controlfield tag="005">20181213155142.0</controlfield>
  <controlfield tag="008">161114b        tu            000 0      </controlfield>
  <datafield tag="020" ind1=" " ind2=" ">
    <subfield code="a">9750503805</subfield>
  </datafield>
  <datafield tag="035" ind1=" " ind2=" ">
    <subfield code="a">18156</subfield>
  </datafield>
  <datafield tag="040" ind1=" " ind2=" ">
    <subfield code="a">Milas</subfield>
    <subfield code="b">tur</subfield>
    <subfield code="c">TR-AnCHP</subfield>
  </datafield>
  <datafield tag="041" ind1=" " ind2=" ">
    <subfield code="a">tur</subfield>
  </datafield>
  <datafield tag="082" ind1=" " ind2=" ">
    <subfield code="a">361.61</subfield>
    <subfield code="b">S67 2006</subfield>
  </datafield>
  <datafield tag="090" ind1=" " ind2=" ">
    <subfield code="a">361.61 S67 2006</subfield>
  </datafield>
  <datafield tag="245" ind1=" " ind2=" ">
    <subfield code="a">Sosyal politika yaz&#x131;lar&#x131;</subfield>
    <subfield code="b">Bo&#x11F;azi&#xE7;i &#xDC;niversitesi sosyal politika forumu</subfield>
    <subfield code="c">derleyenler Ay&#x15F;e Bu&#x11F;ra-&#xC7;a&#x11F;lar Keyder ; &#xE7;evirenler Burcu Yakut-&#xC7;akar, Utku Bar&#x131;&#x15F; Balaban</subfield>
  </datafield>
  <datafield tag="250" ind1=" " ind2=" ">
    <subfield code="a">2. bs.</subfield>
  </datafield>
  <datafield tag="260" ind1=" " ind2=" ">
    <subfield code="a">&#x130;stanbul</subfield>
    <subfield code="b">&#x130;leti&#x15F;im</subfield>
    <subfield code="c">2006</subfield>
  </datafield>
  <datafield tag="300" ind1=" " ind2=" ">
    <subfield code="a">400 s.</subfield>
    <subfield code="c">21 sm.</subfield>
  </datafield>
  <datafield tag="440" ind1=" " ind2=" ">
    <subfield code="a">&#x130;leti&#x15F;im Yay&#x131;nlar&#x131;</subfield>
    <subfield code="v">1130</subfield>
  </datafield>
  <datafield tag="490" ind1=" " ind2=" ">
    <subfield code="a">Ara&#x15F;t&#x131;rma-&#x130;nceleme Dizisi</subfield>
    <subfield code="v">193</subfield>
  </datafield>
  <datafield tag="500" ind1=" " ind2=" ">
    <subfield code="a">S&#xF6;zl&#xFC;k var.</subfield>
  </datafield>
  <datafield tag="650" ind1=" " ind2=" ">
    <subfield code="a">Toplumsal politikalar</subfield>
    <subfield code="x">Derlemeler</subfield>
  </datafield>
  <datafield tag="650" ind1=" " ind2=" ">
    <subfield code="a">Sosyal devlet</subfield>
    <subfield code="x">Derlemeler</subfield>
  </datafield>
  <datafield tag="700" ind1=" " ind2=" ">
    <subfield code="a">Bu&#x11F;ra, Ay&#x15F;e</subfield>
  </datafield>
  <datafield tag="700" ind1=" " ind2=" ">
    <subfield code="a">Keyder, &#xC7;a&#x11F;lar</subfield>
  </datafield>
  <datafield tag="700" ind1=" " ind2=" ">
    <subfield code="a">Yakut-&#xC7;akar, Burcu</subfield>
  </datafield>
  <datafield tag="700" ind1=" " ind2=" ">
    <subfield code="a">Balaban, Utku Bar&#x131;&#x15F;</subfield>
  </datafield>
  <datafield tag="942" ind1=" " ind2=" ">
    <subfield code="2">ddc</subfield>
    <subfield code="c">BKS</subfield>
  </datafield>
  <datafield tag="952" ind1=" " ind2=" ">
    <subfield code="a">0001</subfield>
    <subfield code="b">0001</subfield>
    <subfield code="d">2016-11-14</subfield>
    <subfield code="e">2</subfield>
    <subfield code="l">0</subfield>
    <subfield code="o">361.61 S67 2006</subfield>
    <subfield code="p">008626</subfield>
    <subfield code="r">2016-11-14 00:00:00</subfield>
    <subfield code="v">0.00</subfield>
    <subfield code="w">2016-11-14</subfield>
    <subfield code="y">BKS</subfield>
  </datafield>
  <datafield tag="999" ind1=" " ind2=" ">
    <subfield code="c">7540</subfield>
    <subfield code="d">7540</subfield>
  </datafield>
</record>
